1321 1254 1956 1103 1191 1540 1389 1849 1831 1847 1087 1165 1901 1381 1597 1892 1705 1326 1926 1247 1967 1024 1809 1323 1213 1382 1623 1750 1579 1463 1934 1094 1501 1298 1849 1543 1333 1170 1441 1782 1664 1956 1711 1811 1836 1466 1629 1407 1980 1555 1252 1644 1666 1727 1308 1761 1672 1259 1420 1673 1345 1024 1698 1102 1138 1506 1756 1976 1965 1528 1211 1245 1003 1267 1576 1679 1078 1894 1136 1454 1655 1665 1111 1833 1343 1348 1649 1438 1099 1076 1645 1596 1460 1500 1486 1871 1916 1552 1176 BCNSPRNW ULIB Ver.6.0+V

เปลี่ยนเป็นภาษาไทย

Change to English
 แสดงรายละเอียดบรรณานุกรม
  กลับหน้าหลัก

Brief Record : Get Marc (ISO 2709) : E-mail record : QR code < ปิดหน้าต่าง
LEADER : 00000nam 2200000uu 4500
001    13399114613
003     ULIB
008    120424s2550||||th 000 0 tha d
060 04 ^aWA540.JT3^bส691พ 2550
245 00 ^aพระราชบัญญัติสุขภาพแห่งชาติ พ.ศ. 2550 /^cสำนักงานคณะกรรมการสุขภาพแห่งชาติ (สช.)
260    ^a[กรุงเทพฯ] :^bสหพัฒนไพศาล,^c2550
300    ^a32 หน้า ;^c21 ซม.
650  7 ^aสุขภาพ^vกฎหมายและระเบียบข้อบังคับ
650  7 ^aพระราชบัญญัติสุขภาพแห่งชาติ
650  7 ^aนโยบายด้านสุขภาพ
710 2  ^aสำนักงานคณะกรรมการสุขภาพแห่งชาติ (สช.)
945    ^p0^l0^i14407
945    ^p0^l0^i14409
945    ^p0^l0^i14408
945    ^p0^l0^i14411
945    ^p0^l0^i14410
995    ^aกัณชพร
999 ^a ใช้งานได้ทุกระบบ
รายการนี้ยังไม่มีแท็ก
คุณยังไม่ได้ล็อกอิน คุณสามารถมีกิจกรรมร่วมกับเว็บไซต์ได้ แต่ต้องล็อกอินก่อน ::
  ล็อกอิน

รายการสื่อสารสนเทศ

ลำดับที่ ประเภท เลขเรียก/บาร์โค้ด สถานที่ สถานะ
1. วิทยาศาสตร์การแพทย์ และสุขภาพ
วิทยาศาสตร์การแพทย์ และสุขภาพ
WA540.JT3 ส691พ 2550 ฉ.5 
  Barcode: 14410
ห้องสมุดวิทยาเขตสวรรค์ประชารักษ์
►หนังสือทั่วไป
บนชั้น

รายการใกล้เคียง
    หัวเรื่อง [พระราชบัญญัติสุขภาพแห่งชาติ]
    หัวเรื่อง [นโยบายด้านสุขภาพ]

BibComment


ยังไม่เคยถูกคอมเมนท์

คอมเมนท์ทรัพยากรรายการนี้
  คอมเมนท์: พระราชบัญญัติสุข..


 Copyright 2026. Bcnsprnw @Library